Finite mathematical structures /
Guardado en:
| Autor Principal: | |
|---|---|
| Formato: | Libro |
| Idioma: | English |
| Publicado: |
Englewood Cliffs, N.J. :
Prentice-Hall,
c1959.
|
| Materias: | |
| Etiquetas: |
Agregar Etiqueta
Sin Etiquetas, Sea el primero en etiquetar este registro!
|
| LEADER | 00901nam a22002175a 4500 | ||
|---|---|---|---|
| 001 | MAT.inmabb005268 | ||
| 008 | 840427s1959####njua#####b####001#0#eng## | ||
| 005 | 20160616113743.0 | ||
| 245 | 1 | 0 | |a Finite mathematical structures / |c John G. Kemeny ... [et al.]. |
| 260 | |a Englewood Cliffs, N.J. : |b Prentice-Hall, |c c1959. | ||
| 300 | |a xi, 487 p. : |b il. ; |c 24 cm. | ||
| 504 | |a Incluye referencias bibliográficas e índice. | ||
| 505 | 0 | |a 1. Compound statements -- 2. Sets and functions -- 3. Probability theory -- 4. Elementary linear algebra -- 5. Convex sets -- 6. Finite Markov chains -- 7. Continuous probability theory. | |
| 510 | 4 | |a MR, |c 21 #4888 | |
| 100 | 1 | |a Kemeny, John G. | |
| 650 | 0 | |a Mathematical analysis. | |
| 650 | 0 | |a Algebra, Universal. | |
| 084 | |a 00A05 (00-01 03-01 60-01 15-01) |2 msc2000 | ||
| 010 | |a 59010077 | ||
| 040 | |a DLC/ICU |c ICU |d DLC | ||
| 859 | |h 00A05 |i F498 |p A-2383 |b BIB. MATEMATICA | ||
